000 00555nam a22002297a 4500
003 UA-OsUOA
001 224
007 ta
008 20050525b un ||||| |||| 00| 0 ukr d
100 _aДанієль Є
090 _a821.162.1
_bД18
942 _cBK
040 _aUA-OsUOA
_bukr
_cUA-OsUOA
_dUA-OsUOA
245 _aБоротьба триває
_bПригодницькі повісті
300 _a384 с.
955 _a3
041 _aukr
080 _a821.162.1
260 _aК.
_bМолодь
_c1987
650 7 _2UDC
999 _c286392
_d286392